| 000 | 03674nam a2200385 a 4500 | ||
|---|---|---|---|
| 001 | ebr10752400 | ||
| 003 | CaPaEBR | ||
| 006 | m o u | ||
| 007 | cr cn||||||||| | ||
| 008 | 111117s2012 ja ad sb i001 0 eng d | ||
| 010 | _z 2011047937 | ||
| 020 | _z9789280812091 | ||
| 020 | _z9789280871784 (e-book) | ||
| 040 |
_aCaPaEBR _cCaPaEBR |
||
| 035 | _a(OCoLC)801409256 | ||
| 043 | _afb----- | ||
| 050 | 1 | 4 |
_aRA643.86.A357 _bH543 2012eb |
| 082 | 0 | 4 |
_a362.196979200967 _223 |
| 245 | 0 | 0 |
_aHIV/AIDS and the security sector in Africa _h[electronic resource] / _cedited by Obijiofor Aginam and Martin R. Rupiya. |
| 260 |
_aTokyo ; _aNew York : _bUnited Nations University Press, _cc2012. |
||
| 300 |
_axiv, 281 p. : _bill. |
||
| 504 | _aIncludes bibliographical references and index. | ||
| 505 | 0 | 0 |
_tUnderstanding the dynamics of HIV/AIDS and the security sector in Africa: an overview / _rObijiofor Aginam, Martin R. Rupiya, Johanna Stratton and Andrea Ottina -- _gHIV/AIDS and the military: national and sub-regional perspectives -- _tHIV/AIDS and the South African National Defence Force: anecdotal evidence from outside and within / _rLindy Heinecken -- _tPolicy, security and outcomes: HIV/AIDS and the Uganda People's Defence Forces / _rCharles Bakahumura -- _tThe ECOWAS regional framework on HIV/AIDS and the military in West Africa / _rAyodele Akenroye -- _tHIV and the military: a human rights impact assessment of Nigeria's armed forces HIV/AIDS control policy guidelines / _rBabafemi Odunsi -- _tChallenges to the regeneration of the armed forces: HIV/AIDS and its impact on the military life-cycle / _rGerald Gwinji -- _tA civil society perspective on the Umbutfo Swaziland Defence Force policy responses to HIV/AIDS / _rNathi Gumede -- _gHIV/AIDS and peacekeeping in Africa -- _tCulture and HIV/AIDS in African peacekeeping operations / _rGwinyayi Albert Dzinesa -- _tThe African Union and the HIV/AIDS crisis: harnessing alternative policy options / _rOlajide O. Akanji -- _tThe Zambia Defence Force: considerations on peacekeeping and HIV/AIDS / _rLawson F. Simapuka -- _tA disorderly resolution of an organized conflict: the military dimension and the spread of HIV/AIDS in Sierra Leone / _rOlubowale Josiah Opeyemi -- _gHIV/AIDS: perspectives on the police and prisons -- _tPolicing against stigma and discrimination: HIV/AIDS in the Zambia Police Service / _rCharles M. Banda -- _tHIV/AIDS in Cameroon: the policy response of the police / _rPolycarp Ngufor Forkum -- _tPolicy challenges on HIV/AIDS and prisons: towards a Southern African template / _rMartin R. Rupiya -- _tHIV/AIDS among Cameroonian prison staff: response to a deadly challenge / _rTayou Andr�e Lucien -- _gHIV/AIDS: gender and other emerging issues -- _tHIV/AIDS and women in the Zimbabwe Defence Forces: a gender perspective / _rGetrude P.S. Mutasa -- _tRape and HIV/AIDS as weapons of war: human rights and health issues in post-conflict societies / _rObijiofor Aginam. |
| 533 |
_aElectronic reproduction. _bPalo Alto, Calif. : _cebrary, _d2013. _nAvailable via World Wide Web. _nAccess may be limited to ebrary affiliated libraries. |
||
| 650 | 0 |
_aHIV infections _zAfrica, Sub-Saharan. |
|
| 650 | 0 |
_aSecurity sector _zAfrica, Sub-Saharan. |
|
| 650 | 0 |
_aSoldiers _xHealth and hygiene _zAfrica, Sub-Saharan. |
|
| 650 | 0 |
_aPolice _xHealth and hygiene _zAfrica, Sub-Saharan. |
|
| 651 | 0 |
_aAfrica, Sub-Saharan _xArmed Forces. |
|
| 655 | 7 |
_aElectronic books. _2local |
|
| 700 | 1 |
_aAginam, Obijiofor, _d1969- |
|
| 700 | 1 | _aRupiya, Martin Revai. | |
| 710 | 2 | _aebrary, Inc. | |
| 856 | 4 | 0 |
_uhttp://site.ebrary.com/lib/rucke/Doc?id=10752400 _zAn electronic book accessible through the World Wide Web; click to view |
| 999 |
_c216513 _d216513 |
||